000 00406nam a2200145 a 4500
001 000031555
005 20200930063019.0
008 110627s19uu xxu 000 0 spa d
040 _aDO-SdBNP
_bspa
_cBNPHU
100 1 _aCarvajal, José
_912340
245 1 0 _aPara lo que fue creada Filí-melé /
_cJosé Carvajal.
260 _a[New York] :
_bEdiciones Alcance.
300 _av p. ;
_c21 cm.
049 _aBNPD
999 _c31047
_d31047